Lost - Linkin Park (lyrics) - Statistiques

Statistiques générales
  • Ce quiz a été pris 136 fois
  • Le résultat moyen est 110 sur 158
Statistiques - réponses
Réponse % Correct
I
100%
lost
99%
Lost
99%
in
96%
me
94%
a
87%
this
87%
be
86%
I'm
86%
my
83%
memories
80%
own
77%
inside
76%
Living
76%
living
76%
the
76%
I'll
75%
illusion
73%
confusion
72%
behind
70%
will
69%
try
68%
all
66%
always
66%
never
66%
to
66%
of
65%
But
63%
pain
63%
dignity
62%
these
61%
Just
59%
keep
59%
alright
58%
can
58%
is
58%
know
58%
And
56%
and
56%
it
56%
Something
56%
Even
55%
not
55%
afraid
52%
down
52%
pretend
52%
scar
52%
somewhere
52%
tired
52%
'cause
51%
when
51%
alone
49%
break
49%
away
48%
repair
48%
damage
45%
isn't
44%
yesterday
44%
received
42%
there
41%
I've
39%
though
38%
made
37%
they
37%
where
35%
Broken
34%
believed
32%
promises
32%
trapped
32%
blindly
30%
how
24%
Aucun quiz correspondant
Distribution des résultats
% des personnes avec chaque résultat
Percentile par nombre de réponses
Votre historique - résultats
Vous n’avez pas pris ce quiz